00366nam a2200145Ia 4500003000900000008004100009040001300050040001300063100003400076245007000110250001100180260001500191300000800206490000600214IT-RoPAU120407s9999 xx 000 0 und d aIT-RoPAU cIT-RoPAU aClemens August Graf Von Galen aUn vescovo indesiderabile. Le grandi prediche di sfida al nazismo aPadova aMessaggero c cm v1